000
00304nam a22001337a 4500
008
181022b xxu||||| |||| 00| 0 eng d
020
_a
9780618001033
041
_a
eng
080
_a
941
100
_a
17
101
_a
HIS
245
_a
The Age of Aristocracy 1688-1830
_c
Willcox, W.B
942
_2
udc
_c
BK
999
_c
50523
_d
50523